<?xml version="1.0" encoding="UTF-8"?>
<record
    xmlns:xsi="http://www.w3.org/2001/XMLSchema-instance"
    xsi:schemaLocation="http://www.loc.gov/MARC21/slim http://www.loc.gov/standards/marcxml/schema/MARC21slim.xsd"
    xmlns="http://www.loc.gov/MARC21/slim">

  <leader>02078nam a22003377a 4500</leader>
  <controlfield tag="005">20180117143355.0</controlfield>
  <datafield tag="010" ind1=" " ind2=" ">
    <subfield code="a">B-685439    B-664479</subfield>
  </datafield>
  <datafield tag="020" ind1=" " ind2=" ">
    <subfield code="c">60.00</subfield>
    <subfield code="a">8126002689</subfield>
  </datafield>
  <datafield tag="035" ind1=" " ind2=" ">
    <subfield code="a">B-685439</subfield>
  </datafield>
  <datafield tag="035" ind1=" " ind2=" ">
    <subfield code="a">B-664479</subfield>
  </datafield>
  <datafield tag="037" ind1=" " ind2=" ">
    <subfield code="b">&#x928;&#x949;&#x930;&#x94D;&#x925; &#x907;&#x902;&#x921;&#x93F;&#x92F;&#x93E; &#x92A;&#x92C;&#x94D;&#x932;&#x93F;&#x936;&#x930;&#x94D;&#x938;</subfield>
  </datafield>
  <datafield tag="037" ind1=" " ind2=" ">
    <subfield code="b">&#x938;&#x94D;&#x91F;&#x93E;&#x930; &#x92A;&#x92C;&#x94D;&#x932;&#x93F;&#x915;&#x947;&#x936;&#x928;</subfield>
  </datafield>
  <datafield tag="082" ind1=" " ind2=" ">
    <subfield code="a">&#x909;</subfield>
    <subfield code="b">&#x938;&#x92E;&#x941;&#x924;&#x94D;&#x924;&#x93F;</subfield>
  </datafield>
  <datafield tag="100" ind1=" " ind2=" ">
    <subfield code="a">&#x938;&#x92E;&#x941;&#x924;&#x94D;&#x924;&#x93F;&#x930;&#x92E;&#x94D;</subfield>
  </datafield>
  <datafield tag="245" ind1=" " ind2=" ">
    <subfield code="a">&#x91C;&#x921;&#x93C; &#x935;&#x93E;&#x932;&#x93E; &#x915;&#x91F;&#x939;&#x932; /</subfield>
    <subfield code="c">&#x938;&#x92E;&#x941;&#x924;&#x94D;&#x924;&#x93F;&#x930;&#x92E;&#x94D;; &#x905;&#x928;&#x941;&#x935;&#x93E;&#x926;&#x915; &#x935;&#x93F;&#x91C;&#x92F;&#x932;&#x915;&#x94D;&#x937;&#x94D;&#x92E;&#x940; &#x938;&#x941;&#x928;&#x94D;&#x926;&#x930;&#x930;&#x93E;&#x91C;&#x928; </subfield>
  </datafield>
  <datafield tag="246" ind1=" " ind2=" ">
    <subfield code="a">Jad wala katahal /</subfield>
    <subfield code="b">by Samuttiram; anuvadak Vijaylakshmi Sundarrajan </subfield>
  </datafield>
  <datafield tag="260" ind1=" " ind2=" ">
    <subfield code="a">&#x928;&#x92F;&#x940; &#x926;&#x93F;&#x932;&#x94D;&#x932;&#x940; </subfield>
    <subfield code="b">&#x938;&#x93E;&#x939;&#x93F;&#x924;&#x94D;&#x92F; &#x905;&#x915;&#x93E;&#x926;&#x947;&#x92E;&#x940; </subfield>
    <subfield code="c">2014</subfield>
  </datafield>
  <datafield tag="270" ind1=" " ind2=" ">
    <subfield code="a">&#x930;&#x935;&#x940;&#x928;&#x94D;&#x926;&#x94D;&#x930; &#x92D;&#x935;&#x928;,35 &#x92B;&#x940;&#x930;&#x94B;&#x91C;&#x936;&#x93E;&#x939; &#x92E;&#x93E;&#x930;&#x94D;&#x917;</subfield>
    <subfield code="b">&#x928;&#x92F;&#x940; &#x926;&#x93F;&#x932;&#x94D;&#x932;&#x940; </subfield>
    <subfield code="e">110001</subfield>
  </datafield>
  <datafield tag="300" ind1=" " ind2=" ">
    <subfield code="a">119&#x92A;&#x943;. </subfield>
    <subfield code="c">21&#x938;&#x947;&#x92E;&#x940; (&#x938;&#x91C;&#x93F;&#x932;&#x94D;&#x926;)</subfield>
    <subfield code="b"> </subfield>
  </datafield>
  <datafield tag="500" ind1=" " ind2=" ">
    <subfield code="a">&#x938;&#x93E;&#x939;&#x93F;&#x924;&#x94D;&#x92F; &#x905;&#x915;&#x93E;&#x926;&#x947;&#x92E;&#x940; &#x926;&#x94D;&#x935;&#x93E;&#x930;&#x93E; &#x92A;&#x941;&#x930;&#x938;&#x94D;&#x915;&#x943;&#x924; &#x924;&#x92E;&#x93F;&#x932; &#x909;&#x92A;&#x928;&#x94D;&#x92F;&#x93E;&#x938;</subfield>
  </datafield>
  <datafield tag="505" ind1=" " ind2=" ">
    <subfield code="a">&#x930;&#x93E;&#x937;&#x94D;&#x91F;&#x94D;&#x930;&#x92A;&#x924;&#x93F; &#x92D;&#x935;&#x928;</subfield>
  </datafield>
  <datafield tag="520" ind1=" " ind2=" ">
    <subfield code="a">AW</subfield>
  </datafield>
  <datafield tag="650" ind1=" " ind2=" ">
    <subfield code="a">&#x924;&#x92E;&#x93F;&#x932; &#x938;&#x93E;&#x939;&#x93F;&#x924;&#x94D;&#x92F; </subfield>
  </datafield>
  <datafield tag="650" ind1=" " ind2=" ">
    <subfield code="a">&#x909;&#x92A;&#x928;&#x94D;&#x92F;&#x93E;&#x938; </subfield>
  </datafield>
  <datafield tag="650" ind1=" " ind2=" ">
    <subfield code="a">Tamil literature</subfield>
  </datafield>
  <datafield tag="650" ind1=" " ind2=" ">
    <subfield code="a">Fiction</subfield>
  </datafield>
  <datafield tag="700" ind1=" " ind2=" ">
    <subfield code="a">&#x938;&#x941;&#x928;&#x94D;&#x926;&#x930;&#x930;&#x93E;&#x91C;&#x928;, &#x935;&#x93F;&#x91C;&#x92F;&#x932;&#x915;&#x94D;&#x937;&#x94D;&#x92E;&#x940;</subfield>
    <subfield code="9">42919</subfield>
  </datafield>
  <datafield tag="942" ind1=" " ind2=" ">
    <subfield code="2">ddc</subfield>
    <subfield code="c">HN</subfield>
    <subfield code="h">&#x909;</subfield>
    <subfield code="m">&#x938;&#x92E;&#x941;&#x924;&#x94D;&#x924;&#x93F;</subfield>
  </datafield>
  <datafield tag="999" ind1=" " ind2=" ">
    <subfield code="c">148490</subfield>
    <subfield code="d">148490</subfield>
  </datafield>
  <datafield tag="952" ind1=" " ind2=" ">
    <subfield code="0">0</subfield>
    <subfield code="1">0</subfield>
    <subfield code="2">ddc</subfield>
    <subfield code="4">0</subfield>
    <subfield code="7">0</subfield>
    <subfield code="8">FIC</subfield>
    <subfield code="a">M</subfield>
    <subfield code="b">M</subfield>
    <subfield code="d">2017-12-27</subfield>
    <subfield code="e">&#x928;&#x949;&#x930;&#x94D;&#x925; &#x907;&#x902;&#x921;&#x93F;&#x92F;&#x93E; &#x92A;&#x92C;&#x94D;&#x932;&#x93F;&#x936;&#x930;&#x94D;&#x938; /315/7/22-12-17/765/16-12-17/27-12-17</subfield>
    <subfield code="g">60.00</subfield>
    <subfield code="l">0</subfield>
    <subfield code="o">&#x909; &#x938;&#x92E;&#x941;&#x924;&#x94D;&#x924;&#x93F;</subfield>
    <subfield code="p">B-685439</subfield>
    <subfield code="r">2017-12-27 00:00:00</subfield>
    <subfield code="t">1</subfield>
    <subfield code="v">60.00</subfield>
    <subfield code="w">2017-12-27</subfield>
    <subfield code="y">HN</subfield>
  </datafield>
  <datafield tag="952" ind1=" " ind2=" ">
    <subfield code="0">0</subfield>
    <subfield code="1">0</subfield>
    <subfield code="4">0</subfield>
    <subfield code="7">0</subfield>
    <subfield code="8">FIC</subfield>
    <subfield code="a">AV</subfield>
    <subfield code="b">AV</subfield>
    <subfield code="d">2018-01-17</subfield>
    <subfield code="e">&#x938;&#x94D;&#x91F;&#x93E;&#x930; &#x92A;&#x92C;&#x94D;&#x932;&#x93F;&#x915;&#x947;&#x936;&#x928;/2241/16.02.17/344/09.02.17/03.03.17</subfield>
    <subfield code="g">60.00</subfield>
    <subfield code="l">0</subfield>
    <subfield code="o">&#x909; &#x938;&#x92E;&#x941;&#x924;&#x94D;&#x924;&#x93F;</subfield>
    <subfield code="p">B-664479</subfield>
    <subfield code="r">2018-01-17 00:00:00</subfield>
    <subfield code="t">1</subfield>
    <subfield code="v">60.00</subfield>
    <subfield code="w">2018-01-17</subfield>
    <subfield code="y">HN</subfield>
  </datafield>
</record>
